000
00339nam a2200133 a 4500
005
20140414131907.0
008
100930s19uu xx 00 eng d
050
_a
FIC
_b
K12 2007
100
_a
Kalkipsakis, Thalia
245
_a
Sister spirit.
260
_b
Feiwel and friends,
_a
New York :
_c
2007.
440
_a
Go girl!
999
_c
110988
_d
110988